Alle 14 Weltwunder (Antike & Neue) - Statistiken

Allgemein
  • Dieses Quiz wurde 415 mal gespielt
  • Das Durchschnittsergebnis liegt bei 9 aus 14
Antwortstatistiken
Bauzeit Ort Weltwunder % Korrekt
Antike 2 600 - 2 500 v. Chr. 🇪🇬 (Gizeh) Pyramiden von Gizeh
97%
Antike 304 - 292 v. Chr. 🇬🇷 (Rhodos) Koloss von Rhodos
93%
Antike 600 v. Chr. 🇮🇶 (Babylon) Die hängenden Gärten der Semiramis von Babylon
90%
Antike 438 v. Chr. 🇬🇷 (Olympia) Zeusstatue des Phidias von Olymp
79%
Neuzeit 722 v. Chr. - 1644 🇨🇳 Chinesische Mauer
78%
Neuzeit 72 - 80 n. Chr. 🇮🇹 (Rom) Kolosseum
78%
Antike 299 - 279 v. Chr. 🇪🇬 (Alexandria) Leuchtturm auf der Insel Pharos
72%
Neuzeit 1922 - 1931 🇧🇷 (Rio de Janeiro) Christusstatue "Cristo Redentor"
61%
Neuzeit 1631 - 1648 🇮🇳 (Agra) Taj Mahal
58%
Neuzeit 1450 🇵🇪 Machu Picchu
56%
Antike 580 - 460 v. Chr. 🇹🇷 (Ismir) Tempel der Artemis in Ephesos
55%
Neuzeit 300 v. Chr. 🇯🇴 Felsenstadt Petra
52%
Antike 368 - 350 v. Chr. 🇹🇷 (Bodrum) Grab des Königs Mausolos II.zu Halikarnassos
51%
Neuzeit 5. Jhd. 🇲🇽 (Yukatan) Chichén Itza
26%
Keine übereinstimmenden Quizze gefunden
Verteilung der Resultate
Anzahl Personen mit jedem Resultat
Perzentil nach korrekt beantworteten Fragen
Ihre Resultats-Entwicklung
Sie haben dieses Quiz noch nicht gespielt